| 000 | 00900nam a2200241 a 4500 | ||
|---|---|---|---|
| 001 | 41472 | ||
| 003 | BD-RjUL | ||
| 005 | 20211209053408.0 | ||
| 008 | 160531b1968 bg ||||| |||| 00| 0 b d | ||
| 020 | _c: Tk.2.00 | ||
| 035 | _a(BD-RjUL)41590 | ||
| 040 |
_aBD-RjUL _bben _cBD-RjUL |
||
| 041 | _aben | ||
| 082 |
_223 _a297 _bRAP 1968 |
||
| 100 |
_aরহমান, শামসুর চৌধুরী _9127469 |
||
| 245 | 1 | 0 |
_aপূর্ব পাকিস্তানে ইসলামের আলো / _cশামসুর চৌধুরী রহমান |
| 260 |
_aঢাকা : _bপাকিস্তান পাবলিকেশনস্, _c১৯৬৮ |
||
| 300 |
_a[৮], ১২০ পৃ.; _c২১ সেমি. |
||
| 504 | _aগ্রন্থ পঞ্জি সংযুক্ত | ||
| 650 |
_aইসলাম _9127470 |
||
| 650 |
_aIslam _9127471 |
||
| 942 |
_2ddc _cBK |
||
| 999 |
_c41472 _d41472 |
||